| 000 | 00713nam a2200217Ia 4500 | ||
|---|---|---|---|
| 005 | 20241129110951.0 | ||
| 008 | 241129s9999||||xx |||||||||||||| ||und|| | ||
| 020 | _a978-1-78643-171-4 | ||
| 037 | _aTB | ||
| 040 |
_aCRL _beng _cCRL |
||
| 041 |
_aeng _2eng |
||
| 084 |
_aSN1:(X:8) Q6 _qCRL |
||
| 100 |
_aSteyaert Chris Ed.; Nentwich Julia Ed.; Hoyer Patrizia Ed. _9722992 |
||
| 245 | 0 |
_aGuide to discursive organizational psychology _cSteyaert Chris Ed.; Nentwich Julia Ed.; Hoyer Patrizia Ed. |
|
| 260 |
_aCheltenham, UK _bCheltenham Edward Elgar _c2016 |
||
| 300 | _axv,346p. | ||
| 365 |
_aUKP _b34 |
||
| 650 | _aPsychologyBehaviourism | ||
| 942 |
_cTB _hSN1:(X:8) Q6 |
||
| 999 |
_c1228322 _d1228322 |
||